Zpráva o inflaci - leden 2000 Česká národní banka

Gespeichert in:
Bibliographische Detailangaben
Format: Buch
Sprache:Tschechisch
Veröffentlicht: Praha Česká národní banka [2000]
Schlagworte:
Tags: Tag hinzufügen
Keine Tags, Fügen Sie das erste Tag hinzu!

MARC

LEADER 00000nam a2200000 4500
001 c117626
005 20221108092901.6
041 0 |a cze 
044 |a CZ 
245 1 0 |a Zpráva o inflaci - leden 2000  |b Česká národní banka 
264 1 |a Praha  |b Česká národní banka  |c [2000] 
300 |a 87 s. 
610 2 0 |a banky 
610 2 0 |a bankovníctvo 
610 2 0 |a inflácia 
610 2 0 |a vývoj menový 
610 2 0 |a úrok 
610 2 0 |a kurz devízový 
610 2 0 |a dopyt 
610 2 0 |a ponuka 
610 2 0 |a trh práce 
610 2 0 |a mzdy 
610 2 0 |a ceny 
610 2 0 |a dovoz 
610 2 0 |a politika menová 
610 2 0 |a Česko